000 00243nam a2200109Ia 4500
005 20251222114353.0
008 251222s1900||||xx |||||||||||||| ||spa||
082 _aDVD0080/A87/1982
245 0 _aGandhi
264 _bGoldcrest Films
942 _cDVD
999 _c1340
_d1340